Ислам. Коран: историко-философский анализ: учебно-методическое пособие для студентов по курсу "Религиоведение"

Dades bibliogràfiques
Autor principal: Трофимова З. П. Зорина Павловна
Autor corporatiu: Московский психолого-социальный институт (МПСИ)
Sumari:Цель данного учебно-методического пособия — показать студентам социально-политические условия возникновения, эволюцию, основные направления и современное состояние ислама в России и за рубежом. Пособие окажет существенную помощь студентам, изучающим курс «Религиоведение».
Idioma:rus
Publicat: Москва, Изд-во Московского психолого-социального ин-та, 2005
Col·lecció:Библиотека студента
Matèries:
Format: MixedMaterials Llibre
KOHA link:https://koha.lib.tpu.ru/cgi-bin/koha/opac-detail.pl?biblionumber=72965

MARC

LEADER 00000nam0a2200000 4500
001 72965
005 20231031084023.0
010 |a 5895022952 
035 |a (RuTPU)RU\TPU\book\77802 
090 |a 72965 
100 |a 20050207d2005 m y0rusy50 ca 
101 0 |a rus 
102 |a RU 
105 |a y j 001zy 
200 1 |a Ислам. Коран: историко-философский анализ  |e учебно-методическое пособие для студентов по курсу "Религиоведение"  |f З. П. Трофимова  |g Московский психолого-социальный институт (МПСИ) 
210 |a Москва  |c Изд-во Московского психолого-социального ин-та  |d 2005 
215 |a 40 с. 
225 1 |a Библиотека студента 
320 |a Библиогр.: с. 26. 
330 |a Цель данного учебно-методического пособия — показать студентам социально-политические условия возникновения, эволюцию, основные направления и современное состояние ислама в России и за рубежом. Пособие окажет существенную помощь студентам, изучающим курс «Религиоведение». 
610 1 |a религии 
610 1 |a мусульманство 
610 1 |a ислам 
610 1 |a история 
610 1 |a Коран 
610 1 |a философский анализ 
610 1 |a учебные пособия 
610 1 |a методические пособия 
686 |a Э38я73  |v LBC/SL-A  |2 rubbk 
700 1 |a Трофимова  |b З. П.  |g Зорина Павловна 
712 0 2 |a Московский психолого-социальный институт (МПСИ)  |2 stltpush  |3 (RuTPU)RU\TPU\col\10702 
801 1 |a RU  |b 63413507  |c 20050207  |g PSBO 
801 2 |a RU  |b 63413507  |c 20070924  |g PSBO 
942 |c BK 
959 |a 18/20060226  |d 1  |e 21,45  |f ОГЛ:1